Administración de recursos humanos (Registro nro. 2568)
[ vista simple ]
| 000 -LEADER | |
|---|---|
| fixed length control field | 01719 a2200205 4500 |
| 001 - CONTROL NUMBER | |
| control field | 35596 |
| 005 - DATE AND TIME OF LATEST TRANSACTION | |
| control field | 20260407155636.0 |
| 008 - FIXED-LENGTH DATA ELEMENTS--GENERAL INFORMATION | |
| fixed length control field | 260407a1980 arg spa d |
| 003 - CONTROL NUMBER IDENTIFIER | |
| control field | AR-UNSa-BCEJYS |
| 040 ## - CATALOGING SOURCE | |
| Original cataloging agency | AR-UNSa-BCEJYS |
| Language of cataloging | spa |
| Transcribing agency | AR-UNSa-BCEJYS |
| 080 ## - UNIVERSAL DECIMAL CLASSIFICATION NUMBER | |
| Universal Decimal Classification number | 658.310.8 |
| Common auxiliary subdivision | Gestión y administración de personal |
| 020 ## - INTERNATIONAL STANDARD BOOK NUMBER | |
| International Standard Book Number | 968-18-1207-7 |
| 100 1# - MAIN ENTRY--PERSONAL NAME | |
| Personal name | Harris, O. Jeff Jr. |
| 245 10 - TITLE STATEMENT | |
| Title | Administración de recursos humanos |
| 264 #1 - PRODUCTION, PUBLICATION, DISTRIBUTION, MANUFACTURE, AND COPYRIGHT NOTICE | |
| Place of production, publication, distribution, manufacture | México : |
| Name of producer, publisher, distributor, manufacturer | Limusa |
| Date of production, publication, distribution, manufacture, or copyright notice | 1980 |
| 300 ## - PHYSICAL DESCRIPTION | |
| Extent | 586 p. |
| Dimensions | 25 cm. |
| 505 ## - FORMATTED CONTENTS NOTE | |
| Formatted contents note | 1. Introducción - 2.La unidad básica de las relaciones humanas -el individuo - 3. Influencias ambientales y experienciales sobre el comportamiento individual - 4. El impacto de la teconlogía - 5. La estructura de una organización formal y el comportamiento organizacional - 6. El grupo informal de trabajo - 7.¿Qué espera el empleado de su trabajo? - 8. Lo que el adminstrador espera de su trabajo - 9. La funsión del lider en la organización - 10. Motivando al trabajador - 11. El dinero, la moral y otras influencias sobre el comportamiento del trabajador - 12. Conceptos y conocimientos de la comunicación - 13. Control del desempeño del trabajador - 14. Cuando la acción disciplinaria se vuelve necesaria - 15. Manejo de casos de empleados problemas - 16. Problemas crónicos de los empleados-alcoholismo, drogadicción y robo - 17. Orientación a los empledados - 18. Manejo de conflictos - 19. Trabajo de equipo - 20. El manejo y la innovación en las organizaciones - 21. Capacitación y desarrollo organizacional - 22. La fuerza de trabajo norteamericana - 23. Enfrentándose a los retos de hoy - 24. Administrado en el futuro. |
| 590 ## - LOCAL NOTE (RLIN) | |
| Local note | niveau_biblio:m niveau_hierar:0 |
| 942 ## - ADDED ENTRY ELEMENTS (KOHA) | |
| Koha item type | |
| Withdrawn status | Lost status | Damaged status | Not for loan | Home library | Current library | Shelving location | Date acquired | Total checkouts | Full call number | Barcode | Date last seen | Price effective from | Koha item type |
|---|---|---|---|---|---|---|---|---|---|---|---|---|---|
| Biblioteca Prof. Eusebio Cleto del Rey | Biblioteca Prof. Eusebio Cleto del Rey | 07/04/2026 | 658.310.8 H297 | L39082 | 07/04/2026 | 07/04/2026 | Libro |